Ameccūr amarkkaḷam. (Record no. 82233)

MARC details
000 -LEADER
fixed length control field 00554cam a22002291 4500
001 - CONTROL NUMBER
control field sa 68008088
003 - CONTROL NUMBER IDENTIFIER
control field DLC
005 - DATE AND TIME OF LATEST TRANSACTION
control field 20260227112528.0
008 - FIXED-LENGTH DATA ELEMENTS--GENERAL INFORMATION
fixed length control field 950223s1965 ii 000 0 tamo
010 ## - LIBRARY OF CONGRESS CONTROL NUMBER
LC control number sa 68008088
025 ## - OVERSEAS ACQUISITION NUMBER
Overseas acquisition number PL480:I-T-2402
035 ## - SYSTEM CONTROL NUMBER
System control number (OCoLC)32040372
040 ## - CATALOGING SOURCE
Original cataloging agency DLC
Transcribing agency CU
Modifying agency CU
-- DLC
042 ## - AUTHENTICATION CODE
Authentication code premarc
050 00 - LIBRARY OF CONGRESS CALL NUMBER
Classification number PL4758.9.S9
Item number A8
100 1# - MAIN ENTRY--PERSONAL NAME
Personal name Swaminathan, Gomathi,
Dates associated with a name 1919-
245 10 - TITLE STATEMENT
Title Ameccūr amarkkaḷam.
260 ## - PUBLICATION, DISTRIBUTION, ETC.
Date of publication, distribution, etc. [1965]
300 ## - PHYSICAL DESCRIPTION
Extent 160 p.
Dimensions 19 cm.
500 ## - GENERAL NOTE
General note In Tamil.
500 ## - GENERAL NOTE
General note Short stories.

No items available.

Powered by Koha